| 000 | 00725cam a2200181K 4500 | ||
|---|---|---|---|
| 082 | 0 | 4 |
_a620.1 _bHIG _cL-5, P-17 |
| 100 | 1 |
_aHigdon, Archie, _940653 |
|
| 245 | 1 | 0 |
_aEngineering mechanics _cby Archie Higdon and William B. Stiles in collaboration with Arthur W. Davis and Herbert O. Ustrud. |
| 260 |
_aNew York, _bPrentice-Hall, _c1949. |
||
| 300 |
_a1 online resource (xvii, 505 p.) _billus. |
||
| 490 | 1 | _aPrentice-Hall civil engineering and engineering mechanics series | |
| 526 |
_a0 _b0 _c0 _d620_100000000000000_HIG |
||
| 650 | 0 |
_aMCE _9379 |
|
| 650 | 0 |
_aMechanics, Applied. _913090 |
|
| 700 | 1 |
_aStiles, William Barnard, _940654 |
|
| 856 | 4 | 0 | _uhttp://catalog.hathitrust.org/api/volumes/oclc/1657598.html |
| 942 |
_2ddc _cBK |
||
| 999 |
_c544907 _d544907 |
||